| Поле | Название | Значение |
| |
Тип записи |
a |
| |
Библиографический уровень |
m |
| 001 |
Контрольный номер |
eab5e715e25a4779b11832f9bcf2dbbe |
| 005 |
Дата корректировки |
20140506155513.9 |
| 200 |
Заглавие и сведения об ответственности |
__ |
| a |
Заглавие |
Бухгалтерский учет реорганизации, санации и покупки предприятия |
| 210 |
Выходные данные |
__ |
| a |
Место издания |
М. |
| c |
Издательство |
ПРИОР |
| d |
Дата издания |
2000 |
| 215 |
Физическое описание |
__ |
| a |
Объем |
128 с. |
| 606 |
Тематические рубрики |
__ |
| a |
Основная рубрика |
Бухгалтерский учет. Аудит |
| 686 |
Индексы других классификаций |
__ |
| a |
Классификационный индекс |
65.052.23 |
| 2 |
Код системы |
rubbk |
| 700 |
Автор |
__ |
| a |
Фамилия |
Ткач |
| b |
Имя |
В. И. |
| 701 |
Альтернативная интеллектуальная ответственность |
__ |
| a |
Фамилия |
Кубасова |
| b |
Имя |
Т. О., Шумилин Е. П. |
| 701 |
Альтернативная интеллектуальная ответственность |
__ |
| a |
Фамилия |
Шумилин |
| b |
Имя |
Е. П. |
| 899 |
Данные о местонахождении |
__ |
| j |
Расстановочный фильтр |
65.052.23 |
| c |
Местонахождение стеллажа (устаревшее) |
65.052.23 |
| i |
Авторский знак |
Т 48 |
| 938 |
Служебная информация |
__ |
| a |
Название организации |
Волгоградский филиал |
| b |
Имя БД |
Каталог_ВКИ |
| c |
Название АИБС |
АИБС МАРК-SQL |